How we got here (Registro nro. 311612)

Detalles MARC
000 -ENCABEZADO
Número de control [NR] 00755 a2200217 4500
005 - FECHA Y HORA DE LA ÚLTIMA TRANSACCIÓN
control field 20190226111837.0
008 - DE LONGITUD FIJA DE DATOS DE ELEMENTOS - INFORMACIÓN GENERAL
Elementos de longitud fija [NR] 190226s2008 enk||||| |||| 00| 0 eng d
020 ## - NUMERO INTERNACIONAL NORMALIZADO PARA LIBROS [R]
Número Internacional Normalizado del libro [NR] 9781438908335
040 ## - FUENTE DE CATALOGACION [NR]
Agencia de catalogación original [NR] CO-BoUCM
Idioma de catalogación [NR] spa
Quien Cataloga Saul Niño
Quien Clasifica Saul Niño
041 0# - CODIGO DE IDIOMA [R]
Código de idioma para texto/pista de sonido o título separado [R] Inglés
100 10 - ASIENTO PRINCIPAL--NOMBRE PERSONAL [NR]
Nombre personal [NR] Hallpike, C. R.
ID Autoridad 95622
245 10 - MENCION DE TITULO [NR]
Título [NR] How we got here
Parte restante del título [NR] from bows and arrows to the space age
Mención de responsabilidad, etc. [NR] C.R. Hallpike
260 ## - PUBLICACION, DISTRIBUCION, ETC. (PIE DE IMPRENTA) [R]
Lugar de publicación, distribución, etc. [R] Central Milton Keynes
Nombre del editor, distribuidor, etc. [R] Author House
Fecha de publicación, distribución, etc. [R] 2008
300 ## - DESCRIPCION FISICA [R]
Extensión [R] xi, 609 páginas
650 #7 - ASIENTO SECUNDARIO DE MATERIA - TERMINO TEMATICO [R]
9 (RLIN) 15370
Término temático o nombre geográfico como elemento de entrada [NR] Evolución social
650 #7 - ASIENTO SECUNDARIO DE MATERIA - TERMINO TEMATICO [R]
Término temático o nombre geográfico como elemento de entrada [NR] Civilización
Subdivisión general [R] Historia
9 (RLIN) 28998
650 #7 - ASIENTO SECUNDARIO DE MATERIA - TERMINO TEMATICO [R]
9 (RLIN) 12107
Término temático o nombre geográfico como elemento de entrada [NR] Crecimiento y desarrollo
Subdivisión general [R] Seres humanos
650 #0 - ASIENTO SECUNDARIO DE MATERIA - TERMINO TEMATICO [R]
9 (RLIN) 56098
Término temático o nombre geográfico como elemento de entrada [NR] Cambio (Sociología)
942 ## - ELEMENTOS DE ENTRADA AGREGADOS (KOHA)
Tipo de ítem principal el descrito en 300a Libro
Sistema de clasificación DEWEY
Tema principal Sociología
Edición 1
Clasificación 303.44
Parte restante de la signatura top. H193h
Existencias
Fecha de último préstamo Total préstamos Total Renewals Signatura topográfica Código de barras Última vez visto Ejemplar Costo de reposición Price effective from Tipo de ítem Perdido Sistema de clasificación Dañado No prestable Tipo de ítem específico Suprimido Ubicación habitual Ubicación actual Localización Fecha de creación Proveedor Forma de adquisición Costo
20/05/2019 2 3 303.44 H193h 100159325 09/12/2025 Ej.1 78943.00 22/02/2019 Libro   DEWEY     Libro   Claustro Claustro 2do piso 22/02/2019 15 Compra 78943.00